|
|
|
|
| LEADER |
03478nam a22003973i 4500 |
| 001 |
EBC7245129 |
| 003 |
MiAaPQ |
| 005 |
20231204023229.0 |
| 006 |
m o d | |
| 007 |
cr cnu|||||||| |
| 008 |
231204s2017 xx o ||||0 eng d |
| 020 |
|
|
|a 9781351806602
|q (electronic bk.)
|
| 020 |
|
|
|z 9781138630437
|
| 035 |
|
|
|a (MiAaPQ)EBC7245129
|
| 035 |
|
|
|a (Au-PeEL)EBL7245129
|
| 035 |
|
|
|a (OCoLC)1378935307
|
| 040 |
|
|
|a MiAaPQ
|b eng
|e rda
|e pn
|c MiAaPQ
|d MiAaPQ
|
| 082 |
0 |
|
|a 363.33094
|
| 100 |
1 |
|
|a Hurka, Steffen.
|
| 245 |
1 |
0 |
|a Rampage Shootings and Gun Control :
|b Politicization and Policy Change in Western Europe.
|
| 250 |
|
|
|a 1st ed.
|
| 264 |
|
1 |
|a Milton :
|b Taylor & Francis Group,
|c 2017.
|
| 264 |
|
4 |
|c Ã2017.
|
| 300 |
|
|
|a 1 online resource (201 pages)
|
| 336 |
|
|
|a text
|b txt
|2 rdacontent
|
| 337 |
|
|
|a computer
|b c
|2 rdamedia
|
| 338 |
|
|
|a online resource
|b cr
|2 rdacarrier
|
| 490 |
1 |
|
|a Routledge Research in Comparative Politics Series
|
| 505 |
0 |
|
|a Cover -- Half Title -- Title Page -- Copyright Page -- Dedication -- Table of Contents -- Lists of figures -- List of tables -- Acknowledgements -- 1 Introduction -- 2 Rampage shootings, politicization and policy change -- 2.1 Rampage shootings as potential focusing events -- 2.2 Conceptualizing politicization -- 2.3 Conceptualizing policy change -- 3 The impact of focusing events on public policy -- 3.1 Theoretical frameworks on the political process -- 3.2 The politics of gun policy -- 3.3 Typologies of crises and disasters -- 3.4 Rampage shootings in the academic literature -- 3.5 Beyond rampage shootings: findings on event-related policy change -- 3.6 Research gap and research promise -- 4 Theorizing conditions for politicization, policy change and stability -- 4.1 Theoretical expectations on the politicization of gun control -- 4.2 Theoretical expectations on policy change and stability -- 4.3 Summary of the theoretical expectations -- 5 How to study the political impact of rampage shootings -- 5.1 Scope conditions -- 5.2 Case identification procedure -- 5.3 Pool of cases and some background information -- 5.4 The methodology of (fs)QCA -- 5.5 QCA: a primer on terminology and technique -- 5.6 The varying applicability of QCA in the present research context -- 6 Paths to the (non-)politicization of gun control -- 6.1 Operationalization, measurement and descriptive information -- 6.2 Set calibration -- 6.3 Analysis of necessity -- 6.4 Analysis of sufficiency -- 6.5 Summary of the findings on politicization -- 7 When laws bite the bullet (and when they do not) -- 7.1 Great Britain -- 7.2 Germany -- 7.3 Finland -- 7.4 France -- 7.5 Austria -- 7.6 Switzerland -- 7.7 Belgium -- 7.8 Comparative assessment -- 8 Conclusion -- Appendix A: non-selected cases -- Appendix B: robustness checks for the analysis of politicization -- Index.
|
| 588 |
|
|
|a Description based on publisher supplied metadata and other sources.
|
| 590 |
|
|
|a Electronic reproduction. Ann Arbor, Michigan : ProQuest Ebook Central, 2023. Available via World Wide Web. Access may be limited to ProQuest Ebook Central affiliated libraries.
|
| 655 |
|
4 |
|a Electronic books.
|
| 776 |
0 |
8 |
|i Print version:
|a Hurka, Steffen
|t Rampage Shootings and Gun Control
|d Milton : Taylor & Francis Group,c2017
|z 9781138630437
|
| 797 |
2 |
|
|a ProQuest (Firm)
|
| 830 |
|
0 |
|a Routledge Research in Comparative Politics Series
|
| 856 |
4 |
0 |
|u https://ebookcentral.proquest.com/lib/matrademy/detail.action?docID=7245129
|z Click to View
|